| 000 | 00383 a2200121 4500 | ||
|---|---|---|---|
| 001 | ART_33821 | ||
| 005 | 20260410161708.0 | ||
| 008 | 260409a | ||
| 245 | 1 | 0 | _aEl aumento de las deducciones personales en el impuesto a las ganancias |
| 100 | 1 | _aDreiling, Paola E. | |
| 700 | 1 | _aRolando, Félix José | |
| 773 | 0 |
_tRevista Impuestos _g- Nº 9 (may. 2006) _wREV639 |
|
| 999 |
_c15781 _d15781 |
||